Devinez le parcours de ces joueurs de foot N°9 - Statistiques

Statistiques générales
  • Ce quiz a été pris 1 738 fois
  • Le résultat moyen est 7 sur 12
Statistiques - réponses
Par images Réponse % Correct
Hernandez
76%
Wijnaldum
75%
Lemar
74%
Godin
62%
Eusebio
58%
Berbatov
56%
Witsel
55%
Mascherano
51%
Yachine
50%
Larsson
46%
Wass
46%
Miranda
21%
Aucun quiz correspondant
Distribution des résultats
% des personnes avec chaque résultat
Percentile par nombre de réponses
Votre historique - résultats
Vous n’avez pas pris ce quiz